| 000 | 00615nam a2200181Ia 4500 | ||
|---|---|---|---|
| 008 | 090123s9999 xx 000 0 und d | ||
| 082 | _b25778 | ||
| 100 | _aढसाळ नामदेव | ||
| 245 | _aया सत्तेत जीव रमत नाही | ||
| 250 | _a1 | ||
| 260 | _bअभिजीत प्रकाशन | ||
| 300 | _a134 | ||
| 600 | _aढसाळ नामदेव | ||
| 630 | _aया सत्तेत जीव रमत नाही | ||
| 700 | _aढसाळ नामदेव | ||
| 730 | _aया सत्तेत जीव रमत नाही | ||
| 942 | _cBOOK | ||
| 999 |
_c63849 _d63849 |
||